Project management (Record no. 102946)

MARC details
000 -LEADER
fixed length control field 00881cam a2200253 4500
001 - CONTROL NUMBER
control field L122866
008 - FIXED-LENGTH DATA ELEMENTS--GENERAL INFORMATION
fixed length control field 030702n2003 000 0 eng u
020 ## - INTERNATIONAL STANDARD BOOK NUMBER
International Standard Book Number 0471073237
020 ## - INTERNATIONAL STANDARD BOOK NUMBER
International Standard Book Number 0471429074
035 ## - SYSTEM CONTROL NUMBER
System control number (Sirsi) u122866
041 ## - LANGUAGE CODE
Language code of text/sound track or separate title eng
050 ## - LIBRARY OF CONGRESS CALL NUMBER
Classification number 658.404
-- 21
100 ## - MAIN ENTRY--PERSONAL NAME
Personal name Meredith, Jack R.
245 ## - TITLE STATEMENT
Title Project management
Remainder of title a managerial approach
250 ## - EDITION STATEMENT
Edition statement 5th ed.
260 ## - PUBLICATION, DISTRIBUTION, ETC.
Place of publication, distribution, etc. New York
Name of publisher, distributor, etc. Wiley
Date of publication, distribution, etc. 2003
300 ## - PHYSICAL DESCRIPTION
Extent xiv, 690p
Dimensions 25cm.
350 ## - PRICE (NR) (BK AM CF MU VM SE) [OBSOLETE]
Price 35.95
520 ## - SUMMARY, ETC.
Summary, etc. Fifth edition of this American text provides information on human behaviour, organisational issues and quantitative methods to succeed in project management. Covers the key stages involved in project initiation, project implementation and project termination.
650 ## - SUBJECT ADDED ENTRY--TOPICAL TERM
Topical term or geographic name entry element UNITED STATES
690 ## - LOCAL SUBJECT ADDED ENTRY--TOPICAL TERM (OCLC, RLIN)
Topical term or geographic name as entry element Project management
9 (RLIN) 6261
700 ## - ADDED ENTRY--PERSONAL NAME
Personal name Mantel (Junior), Samuel J.
942 ## - ADDED ENTRY ELEMENTS (KOHA)
Suppress in OPAC 0
Holdings
Withdrawn status Lost status Source of classification or shelving scheme Damaged status Not for loan Home library Current library Shelving location Date acquired Cost, normal purchase price Total Checkouts Full call number Barcode Date last seen Date last checked out Copy number Cost, replacement price Price effective from Koha item type
    Other/Generic Classification Scheme     London London Books 15/08/2003 30.56 26 658.404 MER 30068582 06/08/2019 19/01/2009 1 30.56 06/08/2019 Book